| 000 | 00727nam a22002177a 4500 | ||
|---|---|---|---|
| 005 | 20251217174614.0 | ||
| 008 | 251217b ||||fr|||| 00| 0 eng d | ||
| 020 | _a87-980717-7-7 | ||
| 040 |
_aCENDOC CAAAP _bspa _cCAAAP |
||
| 041 | _aspa | ||
| 050 |
_aJC 599 _b.R68 |
||
| 100 | 1 |
_95738 _aRoulet, Florencia |
|
| 245 | 1 |
_aDerechos Humanos y Pueblos Indígenas : _bUn manual sobre el sistema de las Naciones Unidas / _cFlorencia Roulet |
|
| 250 | _a1ra edición | ||
| 260 |
_aCopenhague, Dinamarca : _bIWGIA, _c1997. |
||
| 300 |
_a174 páginas ; _c21 x 15 cm |
||
| 490 |
_aDocumento ; _v21 |
||
| 650 | 0 |
_9381 _aDerechos Humanos _vDerechos colectivos |
|
| 650 | 0 |
_94 _aPueblos Indígenas _vManual |
|
| 942 |
_2lcc _bDD - MM - AA _cBK |
||
| 999 |
_c4282 _d4282 |
||